01270cam a2200373 i 450000100060000000300090000600500170001500800410003201500180007302000150009104000280010604600090013408000160014308000150015910000400017424500890021424600260030325000550032926000360038430000210042033600270044133700540046833800280052238000160055038800140056638800140058050000310059465000330062565100110065865800340066965800370070371000580074085600980079845009KOSZ 00520220914132412.0001209s2000 pl |000 0 pol  aPB 2000/23293 a8386605685 aWA NcWA NdKOSZ 005/HR k2000 a347.73(438) a336.1(438)1 aBorodo, Andrzejd(1949-2020)eAutor10aFinanse publiczne Rzeczypospolitej Polskiej :bzagadnienia prawne /cAndrzej Borodo.18aFinanse publiczne RP. aStan prawny na dzień 1 października 2000 roku. aBydgoszcz :b"Branta",c[2000]. a359 s. ;c21 cm. 2rdacontentaTekstbtxt 2rdamediaaBez urządzenia pośredniczącegobn 2rdacarrieraWoluminbnc aKsiążki a1901-2000 a1989-2000 aNa s. red. błędny ISBN. 4aPrawo finansów publicznych aPolska aGospodarka, ekonomia, finanse aPrawo i wymiar sprawiedliwości2 aAgencja Marketingowa, Oficyna Wydawnicza Branta4pbl. uhttp://koha.tu.koszalin.pl/cgi-bin/koha/opac-detail.pl?biblionumber=45009yKatalog online BPK